header

Nutrition & Wellness. (Record no. 251116)

MARC details
000 -LEADER
fixed length control field 00418nam a22001697a 4500
003 - CONTROL NUMBER IDENTIFIER
control field OSt
005 - DATE AND TIME OF LATEST TRANSACTION
control field 20240930111421.0
008 - FIXED-LENGTH DATA ELEMENTS--GENERAL INFORMATION
fixed length control field 240930b xxu||||| |||| 00| 0 eng d
020 ## - INTERNATIONAL STANDARD BOOK NUMBER
International Standard Book Number 0026432161
040 ## - CATALOGING SOURCE
Transcribing agency N/A
050 ## - LIBRARY OF CONGRESS CALL NUMBER
Classification number RA784.
Item number .D89
100 ## - MAIN ENTRY--PERSONAL NAME
Personal name Duyff Roberta Larson
245 ## - TITLE STATEMENT
Title Nutrition & Wellness.
260 ## - PUBLICATION, DISTRIBUTION, ETC. (IMPRINT)
Name of publisher, distributor, etc Glencoe Mcgraw-H
Date of publication, distribution, etc 2000
Place of publication, distribution, etc NewYork.
300 ## - PHYSICAL DESCRIPTION
Other physical details 576 pages:. ill:. col
942 ## - ADDED ENTRY ELEMENTS (KOHA)
Koha item type Long Loan Books
Source of classification or shelving scheme Library of Congress Classification
Holdings
Withdrawn status Lost status Source of classification or shelving scheme Damaged status Not for loan Collection code Home library Current library Shelving location Date acquired Total Checkouts Full call number Barcode Date last seen Price effective from Koha item type
    Library of Congress Classification     Reference Rongo University Library Rongo University Library General Stacks 09/11/2015   RA784 .D89 2000 20088633 09/11/2015 09/11/2015 Short Loan Books

© 2026 Rongo University
Contact us: librarian | system librarian | Rongo university